| 000 | 00829cam a2200325 4500 | ||
|---|---|---|---|
| 001 | ABS67717 | ||
| 008 | 040426n2004 000 0 eng u | ||
| 035 | _a(Sirsi) u125956 | ||
| 245 | _aFocus 2: Manchester industrial and distribution | ||
| 260 | _c2004 | ||
| 490 |
_aEstates Gazette _v(0414) 3 April 2004, 85-113(10) |
||
| 590 | _aABS | ||
| 590 | _aABS | ||
| 650 | _aMANCHESTER | ||
| 650 | _aGREATER MANCHESTER | ||
| 650 | _aCHESHIRE | ||
| 650 | _aLANCASHIRE | ||
| 650 | _aWARRINGTON | ||
| 650 | _aTRAFFORD PARK | ||
| 650 | _aNORTHWEST ENGLAND | ||
| 650 | _aM6 | ||
| 650 | _aDISTRIBUTION MARKET | ||
| 650 | _aINDUSTRIAL MARKET | ||
| 650 | _aCOMPETITION | ||
| 650 | _aDEVELOPMENT | ||
| 650 | _aPLANNING SYSTEM | ||
| 650 | _aBROWNFIELD SITES | ||
| 690 | _aCOMMERCIAL PROPERTY-MARKET | ||
| 942 | _n0 | ||
| 999 |
_c117239 _d117239 |
||